000 00601nam a2200253Ia 4500
005 20260121154856.0
008 008 260114s9999 xx 000 0 eng d
020 _a9780429321009
037 _aEBOOK
040 _aCRL
040 _beng
040 _cCRL
041 _2eng
041 _aeng
084 _qCRL
100 _a Francis Troyan
_91012584
245 0 _aGenre in World Language Education
260 _bTaylor and Francis
260 _c2021
856 _uhttp://www.taylorfrancis.com/books/9780429321009
942 _cEBOOK
999 _c1579403
_d1579403